| 000 | 01592cam a2200373 a 4500 | ||
|---|---|---|---|
| 001 | 13525469 | ||
| 003 | OSt | ||
| 005 | 20110407161245.0 | ||
| 008 | 030813s2002 ug a b 000 0 eng | ||
| 010 | _a 2003406186 | ||
| 020 | _z9970 | ||
| 035 | _a(DLC) 2003406186 | ||
| 040 |
_aDLC _cDLC _dDLC |
||
| 042 | _alcode | ||
| 043 | _af-ug--- | ||
| 050 | 0 | 0 |
_aKTW209.5 _b.E38 2002 |
| 082 | 0 | 0 |
_a342.6761085 PAR _222 |
| 245 | 0 | 0 |
_aEducation towards a rights culture in Uganda : _ba paralegal reference handbook / _c[writing team, Apolo Kakaire ... et al. ; edited by, Charles Mubbale ... et. al.]. |
| 246 | 3 | 0 | _aParalegal reference handbook |
| 260 |
_aKampala, Uganda : _bFoundation for Human Rights Initiative, _c2002. |
||
| 300 |
_avi, 193 p. : _bill. ; _c28 cm. |
||
| 504 | _aIncludes bibliographical references (p. 191-192). | ||
| 650 | 0 |
_aHuman rights _zUganda _vPopular works. _9236 |
|
| 650 | 0 |
_aHuman rights _vPopular works. _9237 |
|
| 700 | 1 |
_aKakaire, Apolo. _9238 |
|
| 700 | 1 |
_aMubbale, Charles E. _9239 |
|
| 710 | 2 |
_aFoundation for Human Rights Initiative. _9240 |
|
| 906 |
_a7 _bcbc _corigode _d3 _encip _f20 _gy-gencatlg |
||
| 942 |
_2ddc _cBK |
||
| 999 |
_c90 _d90 |
||